000 00416cam a2200145 4500500
005 20251012032531.0
041 _afre
042 _adc
100 1 0 _aDe Vigny, Alfred
_eauthor
245 0 0 _aLa Mort du loup
260 _c2004.
500 _a66
786 0 _nSigila | 14 | 2 | 2004-12-20 | p. 175-175 | 1286-1715
856 4 1 _uhttps://shs.cairn.info/revue-sigila-2004-2-page-175?lang=fr&redirect-ssocas=7080
999 _c1547594
_d1547594